000 00488nam a2200169Ia 4500
003 OSt
005 20201014131620.0
008 190216s9999||||xx |||||||||||||| ||und||
020 _a8122413404
040 _coclc
082 _a658.404
_bNAG/P
100 _aNagarajan, K
_91546
245 0 _aProject Management /
_cK Nagarajan
260 _bNew Age International Publishers,
_c2003,
_aNew Delhi:
300 _a508p
942 _cBK
_2ddc
_h658.404
_iNAG/P
_k658.404
_mNAG/P
999 _c6452
_d6452